| 000 | 00643cam a22002057a 4500 | ||
|---|---|---|---|
| 001 | 101181 | ||
| 003 | BD-DhUL | ||
| 005 | 20170101194947.0 | ||
| 008 | 960418s1987 ko 000 0 eng | ||
| 010 | _a 96139142 | ||
| 040 |
_aDLC _cDLC _dDLC _dBD-DhUL |
||
| 050 | 0 | 0 | _aMLCM 96/12503 (B) |
| 082 |
_a808.81 _bFER |
||
| 100 | 1 |
_aSong, Yo-in, _d1933-1989. |
|
| 245 | 1 | 4 |
_aThe ferryboat and the wayfarer : _bBuddhist poems from Korea / _cselected and translated by Yo-In Song. |
| 260 |
_aSeoul : _bDongguk University Press, _c1987. |
||
| 300 |
_axi, 152 p. ; _c23 cm. |
||
| 906 |
_a0 _bibc _corignew _d4 _encip _f19 _gy-gencatlg |
||
| 942 |
_2ddc _cBK |
||
| 999 |
_c145031 _d145031 |
||